Handbook of body language/ (Record no. 159732)

MARC details
000 -LEADER
fixed length control field 00561nam a22001937a 4500
005 - DATE AND TIME OF LATEST TRANSACTION
control field 20190103143044.0
010 ## - LCCN (DPL NO)
LC control number ENG-124627
020 ## - INTERNATIONAL STANDARD BOOK NUMBER
International Standard Book Number 9789380847382
Terms of availability 495.00
035 ## - SYSTEM CONTROL NUMBER
System control number EN-108159
037 ## - SOURCE OF ACQUISITION
Source of stock number/acquisition DBAD/PUB
082 ## - DEWEY DECIMAL CLASSIFICATION NUMBER
Classification number 153.69
100 ## - MAIN ENTRY--PERSONAL NAME
Personal name Kiran A.
245 ## - TITLE STATEMENT
Title Handbook of body language/
Statement of responsibility, etc by A. Kiran
260 ## - PUBLICATION, DISTRIBUTION, ETC. (IMPRINT)
Date of publication, distribution, etc 2017
Place of publication, distribution, etc New Delhi
Name of publisher, distributor, etc Anurag Prakashan
270 ## - ADDRESS
Address 23, Ansari Road, Daryaganj,
City New Delhi
Postal code 110002
300 ## - PHYSICAL DESCRIPTION
Dimensions 21cm(Hb)
Extent 200p.
500 ## - GENERAL NOTE
General note It includes bibliography and index
942 ## - ADDED ENTRY ELEMENTS (KOHA)
Item type English Books
Source of classification or shelving scheme Dewey Decimal Classification
Call number suffix KIR
Classification part 153.69
Holdings
Withdrawn status Lost status Not for loan Collection code Home library Current library Date acquired Source of acquisition Cost, normal purchase price Full call number Barcode Copy number Cost, replacement price Koha item type
      Non-fiction Patel Nagar Patel Nagar 03/01/2019 DBAD/PUB 495.00 153.69 KIR EN-108159 1 495.00 English Books

© Delhi Public Library
Hit Counter
free hit counter